Guess the Football Club Logo - South America/CONMEBOL #1 - Statistics

General Stats
  • This quiz has been taken 48 times
  • The average score is 9 of 12
Answer Stats
Picture Hint Answer % Correct
Argentina Boca Juniors
98%
Chile Colo-Colo
95%
Brazil Flamengo
93%
Brazil Palmeiras
93%
Uruguay C.A. Penarol
86%
Colombia Atletico Nacional
74%
Paraguay Olimpia
71%
Peru Alianza Lima
69%
Bolivia Bolivar
69%
Ecuador LDU Quito
69%
Argentina Racing Club de Avellaneda
64%
Chile Union Espanola
36%
No matching quizzes found
Score Distribution
Percent of People with Each Score
Percentile by Number Answered
Your Score History
You have not taken this quiz